University Home | Library Home | Institutional Repository

The young desire it. (Record no. 118223)

MARC details
000 -LEADER
fixed length control field 00466cam6a220018100 4500
001 - CONTROL NUMBER
control field tmp15936203
003 - CONTROL NUMBER IDENTIFIER
control field UPRA
005 - DATE AND TIME OF LATEST TRANSACTION
control field 20190821141941.0
008 - FIXED-LENGTH DATA ELEMENTS--GENERAL INFORMATION
fixed length control field 951114s1937 xx eng u
035 ## - SYSTEM CONTROL NUMBER
System control number (Sirsi) r49138
035 ## - SYSTEM CONTROL NUMBER
System control number (UPRA)tmp15936203
040 ## - CATALOGING SOURCE
Transcribing agency UPRA
100 1# - MAIN ENTRY--PERSONAL NAME
Personal name MacKenzie, Kenneth Seaforth.
Linkage A7153.1
245 14 - TITLE STATEMENT
Title The young desire it.
260 ## - PUBLICATION, DISTRIBUTION, ETC.
Date of publication, distribution, etc. 1937.
949 ## - LOCAL PROCESSING INFORMATION (OCLC)
a PR9619.3.M3
w lcc
i -61158
m MAIN
p 2500
t BOOK
l ON-SHELF

No items available.

© 2026 - The University of Zambia Library - Koha v25.11